[Event "CZE-ch op"]
[Site "Nymburk"]
[Date "1997.??.??"]
[Round "?"]
[White "Konopka, Michal"]
[Black "Gross, David"]
[Result "1-0"]
[WhiteElo "2415"]
[BlackElo "2360"]

1.Nf3 Nf6 2.c4 g6 3.g3 Bg7 4.d4 O-O 5.Bg2 d6 6.O-O c6 7.Nc3 Qa5 8.e4 Bg4
9.h3 Bxf3 10.Bxf3 Nfd7 11.Be3 Qb4 12.Qb3 a5 13.Rfd1 Na6 14.Rac1 Nb6 15.Be2 c5
16.e5 cxd4 17.Bxd4 Qxb3 18.axb3 Nc5 19.Bxc5 dxc5 20.Ne4 Bxe5 21.Nxc5 Bxb2
22.Rc2 Ba3 23.Nxb7 Ra7 24.Bf3 Rb8 25.Nd8 Rd7 26.Nc6 Rxd1+ 27.Bxd1 Ra8 28.Bf3 Kf8
29.Ra2 Bd6 30.Rxa5 Rxa5 31.Nxa5 Nd7 32.Kf1 Ne5 33.Ke2 Bb4 34.Nb7 Nd7 35.Nd8 Ne5
36.Bg2 Ke8 37.Nb7 Nd7 38.Bc6 e5 39.Kd3 f5 40.f3 Ke7 41.Bxd7 Kxd7 42.c5 Kc6
43.Kc4 Be1 44.Nd8+ Kd7 45.Nf7 Bxg3 46.Kd5 e4 47.fxe4 fxe4 48.Kxe4 Kc6 49.b4 Kb5
50.Ne5 g5 51.Nf7 Kxb4 52.Kd5 Kb5 53.Nxg5 h5 54.Ne4 Bf4 55.Nd6+ Ka5 56.Ke6  1-0

[Event "Ozery op1 Seniors"]
[Site "Ozery"]
[Date "1997.??.??"]
[Round "9"]
[White "Osnos, Viatcheslav"]
[Black "Rutman, A."]
[Result "1-0"]
[WhiteElo "2430"]
[BlackElo "2315"]

1.c4 Nf6 2.Nf3 g6 3.d4 Bg7 4.g3 d6 5.Bg2 O-O 6.O-O Nbd7 7.Nc3 e5 8.e4 c6
9.h3 Qb6 10.c5 dxc5 11.dxe5 Ne8 12.e6 fxe6 13.Ng5 Ne5 14.f4 c4+ 15.Kh2 Nd3
16.e5 Nc7 17.b3 Qd4 18.Bd2 Nd5 19.Ne2 Qc5 20.Ne4 Qa3 21.bxc4 Nb6 22.Qb3 Qxb3
23.axb3 Nd7 24.Nd4 N7c5 25.Nxc5 Nxc5 26.Bb4 b6 27.Bxc6 Rb8 28.Rxa7 Bxe5 29.Nf3 Bf6
30.Nd2 Rf7 31.Rxf7 Kxf7 32.Ne4 Be7 33.Ng5+ Bxg5 34.fxg5+ Kg8 35.Bc3 Bb7 36.Be5 Ra8
37.Bxb7 Nxb7 38.b4 Ra2+ 39.Kg1 Nd8 40.Ra1 Rxa1+ 41.Bxa1 Nc6 42.Bc3 Kf7 43.b5 Nb8
44.c5 bxc5 45.b6 Ke7 46.Be5 Na6 47.b7 Kd7 48.b8=Q Nxb8 49.Bxb8 Kc6 50.Kf2 Kd5
51.Ke3 e5 52.Bc7  1-0

[Event "RUS-ch sf"]
[Site "Perm"]
[Date "1997.??.??"]
[Round "4"]
[White "Vaulin, Alexander"]
[Black "Hamatgaleev, Alexej"]
[Result "1-0"]
[WhiteElo "2490"]
[BlackElo "2310"]

1.d4 Nf6 2.Nf3 g6 3.c4 Bg7 4.g3 O-O 5.Bg2 d6 6.O-O c6 7.Nc3 Qa5 8.h3 Qa6
9.b3 b5 10.Nd2 bxc4 11.Nxc4 Be6 12.Nb2 Nd5 13.Nxd5 cxd5 14.e3 Nc6 15.Bd2 Rab8
16.Bc3 Rfc8 17.Qd2 Bd7 18.Nd3 Qb6 19.Nf4 e6 20.Rab1 Bf6 21.Rfc1 Bd8 22.h4 Ne7
23.h5 g5 24.Nd3 h6 25.g4 Kf8 26.f4 Ng8 27.Rf1 Nf6 28.fxg5 hxg5 29.h6 Be8
30.e4 Nxe4 31.Bxe4 dxe4 32.Nc5 d5 33.Qh2 Kg8 34.Qe5 f6 35.Rxf6 Bxf6 36.Qxf6 Qc7
37.Kg2 Qf7 38.Qxg5+ Qg6 39.h7+ Kxh7 40.Rh1+ Kg8 41.Qh4 Kf8 42.Bd2 Rxc5 43.dxc5 e3
44.Bxe3 d4 45.Qh8+ Ke7 46.Qxd4 Rd8 47.Rh7+ Qxh7 48.Bg5+ Kf8 49.Qf6+ Kg8 50.Qxd8 Qe4+
51.Kf2 Qc2+ 52.Kf3 Qc3+ 53.Be3 Kf7 54.Qc7+ Kg6 55.Qd6 Kf7 56.Kf4 Qf6+ 57.Kg3 Qc3
58.Qd4 Qe1+ 59.Bf2 Qb1 60.Kf4 Kg6  1-0

[Event "World op"]
[Site "Philadelphia"]
[Date "1997.??.??"]
[Round "5"]
[White "Kaufman, Larry C"]
[Black "Castaneda, Nelson"]
[Result "1/2-1/2"]
[WhiteElo "2415"]
[BlackElo "2310"]

1.d4 Nf6 2.c4 g6 3.g3 Bg7 4.Bg2 O-O 5.Nf3 d6 6.Nc3 c5 7.O-O Nc6 8.dxc5 dxc5
9.Bf4 Nh5 10.Bd2 Be6 11.Qa4 h6 12.Rfd1 Qc8 13.Nd5 Kh7 14.Bc3 Bxc3 15.Nxc3 Rd8
16.Rxd8 Qxd8 17.Qb5 Na5 18.b3 b6 19.Rd1 Qh8 20.Nd5 Rd8 21.Re1 Bxd5 22.cxd5 Rxd5
23.b4 a6 24.Qxb6 cxb4 25.Qxb4 Qf6 26.a4 Nc6 27.Qb7 Qc3 28.Rf1 a5 29.Nh4 Rd6
30.Bxc6 Qxc6 31.Qxe7 Rd7 32.Qa3 Qe6 33.e3 Qe4 34.Rc1 Nf6 35.Qc3 Ng4 36.Qc2 Qxc2
37.Rxc2 Rd1+ 38.Kg2 Ra1 39.h3 Ne5 40.Rc5 Nd3 41.Rxa5 Ra2 42.Ra7 Kg7 43.a5 Nxf2
44.Nf3 Nd3+  1/2-1/2

[Event "Polanica Zdroj op"]
[Site "Polanica Zdroj"]
[Date "1997.??.??"]
[Round "1"]
[White "Grabarczyk, Miroslaw"]
[Black "Balcerowski, Witold"]
[Result "1/2-1/2"]
[WhiteElo "2480"]
[BlackElo "2240"]

1.d4 Nf6 2.c4 g6 3.Nf3 Bg7 4.g3 d6 5.Bg2 O-O 6.O-O Nbd7 7.Nc3 e5 8.e4 c6
9.b3 exd4 10.Nxd4 Re8 11.Bf4 Ne5 12.h3 Qe7 13.Re1 Nfd7 14.Be3 Nc5 15.Qc2 Ned3
16.Red1 Nb4 17.Qd2 a5 18.Rab1 Nbd3 19.Qe2 Ne5 20.Qc2 a4 21.f4 axb3 22.axb3 Ned7
23.Bf2 Nf8 24.b4 Nce6 25.Nde2 h5 26.Qd2 Rd8 27.Bb6 Rd7 28.Ra1 Nc7 29.Rxa8 Nxa8
30.Bf2 Nc7 31.Na4 Rd8 32.Nec3 Be6 33.Nb6 Na8 34.e5 Nxb6 35.Bxb6 Ra8 36.exd6 Qd7
37.Ne4 Bxh3 38.Nc5 Qg4 39.Bxh3 Qxh3 40.Qg2 Qg4 41.Rd3 Ra1+ 42.Kh2 Re1 43.d7 Re2
44.d8=Q Rxg2+ 45.Kxg2 Qe2+ 46.Kh3 Qg4+ 47.Kh2 Qe2+ 48.Kh3 Qg4+ 49.Kg2 Qe2+
50.Kh3  1/2-1/2

[Event "Polanica Zdroj op"]
[Site "Polanica Zdroj"]
[Date "1997.??.??"]
[Round "9"]
[White "Grabarczyk, Miroslaw"]
[Black "Agamaliev, Gamil"]
[Result "1-0"]
[WhiteElo "2480"]
[BlackElo "2480"]

1.d4 Nf6 2.c4 g6 3.Nf3 Bg7 4.g3 O-O 5.Bg2 d6 6.O-O Nbd7 7.Nc3 e5 8.e4 exd4
9.Nxd4 Nc5 10.Nb3 Ncd7 11.Qc2 a5 12.h3 a4 13.Nd4 Nc5 14.Be3 Re8 15.b4 axb3
16.axb3 Na6 17.Qb1 Bd7 18.b4 Qc8 19.Kh2 Re5 20.g4 Bxg4 21.hxg4 Nxg4+ 22.Kg1 Nxe3
23.fxe3 Rg5 24.Rf3 Qg4 25.Qf1 Rf8 26.Rf4 Qh3 27.Rf3 Qh6 28.Nd5 Be5 29.Rf4 Kg7
30.Rb1 c6 31.b5 Nb8 32.bxc6 bxc6 33.Rxf7+  1-0

[Event "ESP-chT"]
[Site "Ponferrada"]
[Date "1997.??.??"]
[Round "1"]
[White "Izeta Txabarri, Felix"]
[Black "Comas Fabrego, Luis"]
[Result "1/2-1/2"]
[WhiteElo "2525"]
[BlackElo "2475"]

1.d4 Nf6 2.Nf3 g6 3.c4 Bg7 4.g3 O-O 5.Bg2 d6 6.Nc3 Nbd7 7.O-O e5 8.h3 Re8
9.e4 c6 10.Be3 a5 11.Qc2 a4 12.d5 Qa5 13.Nd2 Nc5 14.Rab1 Bd7 15.b4 axb3 16.axb3 Qb4
17.Na4 cxd5 18.Nxc5 d4 19.Nd3 Qc3 20.Qxc3 dxc3 21.Nf3 Bc6 22.Nb4 Bxe4 23.Rbc1 d5
24.Nxd5 Nxd5 25.cxd5 Bxd5 26.b4 Ra4 27.Rxc3 e4 28.Nd4 Rxb4 29.Rc5 Bxd4 30.Rxd5 Bxe3
31.fxe3 Re7 32.g4 Rb3 33.Kf2 Rb2+ 34.Kg3 Re2 35.Rf4 Rxe3+ 36.Kf2 Rb3 37.Rxe4 Rxe4
38.Bxe4 Rxh3 39.Bf3 h5 40.gxh5 gxh5 41.Bxh5 Kg7 42.Rf5 f6 43.Rb5 Rc3 44.Rxb7+ Kh6
45.Rb5 Ra3 46.Bf3 Kg6 47.Be4+ Kh6 48.Rd5 Kg7 49.Bf5 Kh6 50.Bd3 f5 51.Kf3 Kg6
52.Kf4 Ra4+ 53.Ke5 Kg5 54.Bxf5 Rf4 55.Be4 Rf8 56.Kd4+ Kf4 57.Rb5 Rd8+ 58.Bd5 Re8
59.Rb1 Re7 60.Rf1+ Kg5 61.Rf8 Kg4 62.Be4 Kg5 63.Ke3 Ra7 64.Rg8+ Kf6 65.Kf4 Ra5
66.Rg6+ Ke7 67.Bf5 Ra4+ 68.Kg5 Ra1 69.Re6+ Kd8 70.Kf6 Kc7 71.Be4 Ra5 72.Ke7 Rc5
73.Bf3 Rc3 74.Bd5 Rc5 75.Rd6 Rc1 76.Rd7+ Kb6 77.Kd6 Ka5 78.Rb7 Rc3 79.Bc6 Rd3+
80.Kc7 Rc3 81.Rb8 Rc5 82.Rb3 Rc4 83.Kd6 Rb4 84.Ra3+ Kb6 85.Ra8 Rd4+ 86.Bd5 Rb4
87.Rc8 Rb5 88.Bc4 Rb4 89.Rc6+ Kb7 90.Ba6+ Ka7 91.Kc5 Rb8 92.Bb5 Rb7 93.Rf6 Rg7
94.Bc6 Kb8 95.Kd6 Ka7 96.Rf2 Rg6+ 97.Kc5 Rg1 98.Ra2+ Kb8 99.Kb6 Rb1+ 100.Bb5 Rc1
101.Re2 Rc8 102.Re7 Rc1 103.Rb7+ Kc8 104.Re7 Kb8 105.Rb7+ Kc8 106.Ra7 Kd8
107.Rd7+ Kc8 108.Rd4 Kb8 109.Re4  1/2-1/2

[Event "ESP-chT"]
[Site "Ponferrada"]
[Date "1997.??.??"]
[Round "8"]
[White "Rodriguez Vargas, Orestes"]
[Black "Teran Alvarez, Ismael"]
[Result "1/2-1/2"]
[WhiteElo "2425"]
[BlackElo "2350"]

1.d4 Nf6 2.c4 g6 3.Nf3 Bg7 4.g3 O-O 5.Bg2 d6 6.O-O Nc6 7.Nc3 a6 8.d5 Na5
9.Nd2 c5 10.Qc2 Rb8 11.b3 b5 12.Bb2 e5 13.dxe6 Bxe6 14.Nd5 bxc4 15.Bxf6 Bxf6
16.Nxf6+ Qxf6 17.Ne4 Qe5 18.Qd2 Rb4 19.Qxd6 Qxd6 20.Nxd6 cxb3 21.axb3 Nxb3
22.Rxa6 Rfb8 23.f4 R4b6 24.Rxb6 Rxb6 25.Ne4 Ra6 26.Rd1 Ra2 27.Kf2 Kg7 28.Bf3 Rc2
29.Rd6 h5 30.Rd3 c4 31.Rc3 Rxc3 32.Nxc3 Kf6  1/2-1/2

[Event "GER-chT Seniors"]
[Site "Potsdam"]
[Date "1997.??.??"]
[Round "6"]
[White "Thal, Olaf"]
[Black "Rost Van Tonningen, Otto"]
[Result "1/2-1/2"]
[WhiteElo "2295"]
[BlackElo "2280"]

1.d4 Nf6 2.c4 g6 3.Nf3 Bg7 4.g3 O-O 5.Bg2 d6 6.Nc3 Nc6 7.O-O a6 8.Bg5 h6
9.Bxf6 Bxf6 10.h3 Rb8 11.Rc1 Bd7 12.b3 Bg7 13.Qd2 e5 14.dxe5 dxe5 15.Rfd1 Be6
16.Qxd8 Rfxd8 17.e3 Rxd1+ 18.Rxd1 Rd8 19.Nd2 f5 20.Bxc6 bxc6 21.Nf3 Rxd1+
22.Nxd1 c5 23.Nd2 e4 24.Nb1 Kf7 25.Nbc3 Ke7 26.Na4 Kd6 27.h4 g5 28.hxg5 hxg5
29.Kf1 Bd7 30.Nac3 Bc6 31.Ne2 Be5 32.Ndc3 Bb7 33.Na4 Bc6 34.Nac3 Bb7 35.Na4 Bc6
36.Nac3  1/2-1/2

[Event "SVK-ch"]
[Site "Presov"]
[Date "1997.??.??"]
[Round "4"]
[White "Tibensky, Robert"]
[Black "Vlcek, Stanislav"]
[Result "1-0"]
[WhiteElo "2445"]
[BlackElo "2110"]

1.d4 Nf6 2.Nf3 g6 3.g3 Bg7 4.Bg2 O-O 5.c4 d6 6.O-O Nbd7 7.Nc3 e5 8.e4 c6
9.h3 Qb6 10.c5 dxc5 11.dxe5 Ne8 12.e6 fxe6 13.Ng5 Ne5 14.f4 Nf7 15.Nxf7 Bd4+
16.Kh2 Rxf7 17.e5 Bd7 18.Qc2 Qc7 19.Ne4 b6 20.Re1 Rd8 21.h4 Bc8 22.Bh3 Re7
23.Qe2 Ng7 24.Nf6+ Kh8 25.g4 a5 26.a4 Qa7 27.Bf1 c4 28.Be3 c5 29.Rad1 Ba6
30.Qc2 Qc7 31.Bxc4 Bxe3 32.Rxd8+ Qxd8 33.Rxe3 Qd4 34.Re4  1-0

[Event "SVK-ch"]
[Site "Presov"]
[Date "1997.??.??"]
[Round "7"]
[White "Konopka, Michal"]
[Black "Hagarova, Zuzana"]
[Result "1/2-1/2"]
[WhiteElo "2415"]
[BlackElo "2275"]

1.d4 Nf6 2.Nf3 g6 3.g3 Bg7 4.c4 O-O 5.Bg2 d6 6.O-O c6 7.Nc3 Qa5 8.e4 Bg4
9.h3 Bxf3 10.Bxf3 e5 11.Be3 Nbd7 12.a3 Rfe8 13.Qc2 exd4 14.Bxd4 Ne5 15.Be2 d5
16.b4 Qd8 17.cxd5 cxd5 18.f4 Nc6 19.Bxf6 Qxf6 20.e5 Nxe5 21.Nxd5 Qe6 22.fxe5  1/2-1/2

[Event "SVK-ch"]
[Site "Presov"]
[Date "1997.??.??"]
[Round "8"]
[White "Tibensky, Robert"]
[Black "Salai, Ladislav"]
[Result "1/2-1/2"]
[WhiteElo "2445"]
[BlackElo "2460"]

1.d4 Nf6 2.Nf3 g6 3.c4 Bg7 4.g3 O-O 5.Bg2 d6 6.O-O Nbd7 7.Nc3 e5 8.e4 c6
9.b3 Qb6 10.h3 exd4 11.Na4 Qa5 12.Nxd4 Re8 13.Re1 Nxe4 14.Rxe4 Rxe4 15.Bxe4 Qe5
16.Bd3 b5 17.Rb1 bxa4 18.Nxc6 Qe8 19.Qf3 Nb6 20.Bd2 axb3 21.axb3 Be6 22.Be4 Kh8
23.Re1 Qd7 24.Bc3 Rc8 25.Bxg7+ Kxg7 26.h4 Bg4 27.Qf4 Re8 28.Ra1 d5 29.Bg2 Qxc6
30.Qxg4 Qf6 31.Rxa7 Re1+ 32.Bf1 h5 33.Qg5 Qxg5 34.hxg5 dxc4 35.bxc4 Nxc4
36.Kg2 Nd6 37.Rd7 Nf5 38.Bd3 Ne7 39.Bc4 Re4 40.Rc7 Kf8 41.f3 Rd4  1/2-1/2

[Event "SVK-ch"]
[Site "Presov"]
[Date "1997.??.??"]
[Round "9"]
[White "Shurygin, Sergey"]
[Black "Stets, Dmitry"]
[Result "0-1"]
[WhiteElo "2365"]
[BlackElo "2310"]

1.c4 g6 2.Nf3 Bg7 3.d4 Nf6 4.g3 O-O 5.Bg2 d6 6.O-O Nbd7 7.Qc2 e5 8.Rd1 Re8
9.Nc3 c6 10.e4 Qe7 11.b3 exd4 12.Nxd4 Nc5 13.f3 a5 14.Rb1 Bd7 15.Bf4 Rad8
16.Nde2 Bc8 17.g4 h5 18.h3 hxg4 19.hxg4 Nh7 20.Qd2 Be5 21.Qe3 Ne6 22.Bg3 g5
23.Rd2 Nhf8 24.Rbd1 Ng6 25.Qb6 Qf6 26.Bxe5 dxe5 27.Rxd8 Rxd8 28.Rxd8+ Qxd8
29.Qxd8+ Nxd8 30.Na4 b5 31.cxb5 cxb5 32.Nb6 Be6 33.Nc3 b4 34.Nb5 Nc6 35.Nc7 Nf4
36.Bf1 Kf8 37.Kf2 Ke7 38.Nxe6 Nxe6 39.Bc4 Ned4 40.Bd5 f6 41.Bc4 Kd6 42.Nd5 Kc5
43.Bd3 Nb5 44.Bxb5 Kxb5 45.Nxf6 a4 46.Nd7 a3 47.Ke3 Nd4 48.Nxe5 Nxb3 49.Nd3 Nc5
50.Nc1 Kc4 51.Kd2 b3 52.axb3+ Nxb3+ 53.Kc2 Nd4+ 54.Kb1 Nxf3 55.Ka2 Ne5 56.Kxa3 Nxg4
57.Kb2 Kd4 58.Kc2 Kxe4 59.Kd2 Kf3 60.Nd3 Nf2 61.Ne5+ Kf4 62.Ke2 Kxe5 63.Kxf2 Kf4
64.Kg2 Kg4  0-1

[Event "CRO-Cup (Women)"]
[Site "Pula"]
[Date "1997.??.??"]
[Round "?"]
[White "Petek Medic, Mirjana"]
[Black "Stadler, Brigita"]
[Result "1-0"]
[WhiteElo "2250"]
[BlackElo "2075"]

1.Nf3 Nf6 2.d4 g6 3.g3 Bg7 4.c4 O-O 5.Bg2 d6 6.O-O Nbd7 7.Nc3 e5 8.h3 Re8
9.e4 c6 10.Re1 exd4 11.Nxd4 a5 12.Qc2 a4 13.Be3 Qa5 14.Rad1 Nc5 15.Bf4 Ne6
16.Bxd6 Nxd4 17.Rxd4 Nd5 18.e5 Bf5 19.Qd2 Nxc3 20.Qxc3 Bxe5 21.Rxe5 Rxe5
22.Bxe5  1-0

[Event "CRO-Cup"]
[Site "Pula"]
[Date "1997.??.??"]
[Round "?"]
[White "Ruck, Robert"]
[Black "Jusic, Zdenko"]
[Result "1-0"]
[WhiteElo "2450"]
[BlackElo "2365"]

1.d4 Nf6 2.c4 d6 3.g3 g6 4.Bg2 Bg7 5.Nf3 O-O 6.O-O c6 7.Nc3 Qa5 8.h3 e5 9.e4 Nbd7
10.Re1 exd4 11.Nxd4 Ne5 12.Bf1 Re8 13.Rb1 Qc5 14.Nb3 Qb4 15.Bd2 Qb6 16.Be3 Qc7
17.Nd4 a6 18.f4 Ned7 19.Bg2 Rb8 20.Bf2 c5 21.Nc2 b5 22.Ne3 b4 23.Ncd5 Nxd5
24.Nxd5 Qa5 25.Qb3 Nf8 26.a3 Ne6 27.axb4 cxb4 28.Ra1 Qd8 29.Red1 a5 30.Rd2 Bd7
31.Qd1 Rc8 32.Bb6 Rxc4 33.Bxd8 Rxd8 34.e5 dxe5 35.Ne7+ Kf8 36.Rxd7 Rd4 37.Rxd8+ Nxd8
38.Qe2 Kxe7 39.Rxa5  1-0

[Event "Pula op"]
[Site "Pula"]
[Date "1997.??.??"]
[Round "1"]
[White "Cvitan, Ognjen"]
[Black "Biti, Ozren"]
[Result "1-0"]
[WhiteElo "2550"]
[BlackElo "2135"]

1.d4 d6 2.g3 g6 3.Nf3 Bg7 4.Bg2 Nf6 5.c4 O-O 6.O-O Nbd7 7.Nc3 e5 8.e4 c6
9.h3 Re8 10.Re1 Qc7 11.Be3 b6 12.Rc1 Ba6 13.b3 Rad8 14.d5 c5 15.Rf1 h6 16.Qd2 Kh7
17.Ne1 Rf8 18.Nd3 Bc8 19.b4 Ba6 20.Nb5 Qb8 21.a4 Ne8 22.f4 Bxb5 23.cxb5 exf4
24.gxf4 f5 25.bxc5 bxc5 26.e5 dxe5 27.fxe5 Nxe5 28.Nxc5 Nd6 29.Ne6 Nec4 30.Qe2 Nxe3
31.Qxe3 f4 32.Rxf4 Nf5 33.Rxf5  1-0

[Event "EU-chT (Women)"]
[Site "Pula"]
[Date "1997.??.??"]
[Round "2"]
[White "Flear, Christine"]
[Black "Sziva, Erika"]
[Result "0-1"]
[WhiteElo "2250"]
[BlackElo "2275"]

1.d4 Nf6 2.Nf3 g6 3.c4 Bg7 4.g3 O-O 5.Bg2 d6 6.O-O c5 7.d5 Na6 8.Nc3 Nc7
9.e4 Rb8 10.a4 b6 11.Re1 a6 12.Bf1 e5 13.dxe6 Nxe6 14.h3 Bb7 15.Qd3 Nd4 16.Nxd4 cxd4
17.Nd5 Nd7 18.f4 Re8 19.Bd2 Nc5 20.Qf3 f5 21.exf5 gxf5 22.Rxe8+ Qxe8 23.Re1 Qf8
24.b4 Ne4 25.Bc1 Nf6 26.Bg2 Nxd5 27.cxd5 Rc8 28.Bb2 Qf7 29.Qb3 b5 30.axb5 axb5
31.Re6 Qc7 32.Qd3 Qc2 33.Qxb5 Qxb2 34.Qxb7 Rc1+ 35.Kh2 Rc2 36.Re8+ Bf8 37.Rxf8+ Kxf8
38.Qb8+ Kg7  0-1

[Event "EU-chT (Women)"]
[Site "Pula"]
[Date "1997.??.??"]
[Round "5"]
[White "Petek Medic, Mirjana"]
[Black "Klinova, Masha"]
[Result "1-0"]
[WhiteElo "2250"]
[BlackElo "2340"]

1.d4 d6 2.Nf3 Nf6 3.c4 g6 4.g3 Bg7 5.Bg2 O-O 6.O-O c6 7.Nc3 Qa5 8.h3 Nbd7
9.e4 e5 10.Re1 exd4 11.Nxd4 Ne5 12.Bf1 Re8 13.Rb1 c5 14.Nb3 Qb4 15.Bd2 Qb6
16.Nb5 Qd8 17.Bc3 Nxe4 18.Rxe4 Bf5 19.Re3 Bxb1 20.Qxb1 Bh6 21.Rxe5 dxe5 22.Nxc5 Bf8
23.Nxb7 Qb6 24.Bg2 Rab8 25.Ba5 Qf6 26.Bc7 a6 27.N5d6 e4 28.Nxe8 Rxe8 29.Bf4 Qd4
30.Qc2 f5 31.Be3 Qd3 32.Qa4 Rb8 33.Qxa6 Qb1+ 34.Bf1 Qxb2 35.Qe6+ Kh8 36.Nd6 Qa1
37.Bf4  1-0

[Event "EU-chT (Women)"]
[Site "Pula"]
[Date "1997.??.??"]
[Round "6"]
[White "Voronova, Tatiana"]
[Black "Mihevc, Narcisa"]
[Result "1/2-1/2"]
[WhiteElo "2255"]
[BlackElo "2205"]

1.Nf3 Nf6 2.g3 g6 3.Bg2 Bg7 4.c4 d6 5.d4 O-O 6.Nc3 Nbd7 7.O-O e5 8.h3 a5
9.e4 exd4 10.Nxd4 Nc5 11.Re1 Re8 12.Nb3 Ne6 13.a4 c6 14.Be3 Qc7 15.Qd2 b6
16.Rad1 Rd8 17.f4 Ba6 18.Qf2 Nc5 19.Nxc5 bxc5  1/2-1/2

[Event "EU-chT (Women)"]
[Site "Pula"]
[Date "1997.??.??"]
[Round "6"]
[White "Cuevas Rodriguez, Ma Luisa"]
[Black "Hitzgerova, Gabriela"]
[Result "1-0"]
[WhiteElo "2230"]
[BlackElo "2170"]

1.d4 Nf6 2.c4 g6 3.Nf3 Bg7 4.g3 O-O 5.Bg2 d6 6.O-O c5 7.d5 e5 8.dxe6 fxe6
9.Nc3 Nc6 10.Bg5 d5 11.Rb1 d4 12.Ne4 Qa5 13.Nxf6+ Bxf6 14.Bxf6 Rxf6 15.Qc1 Qc7
16.Ng5 Rf8 17.h4 Qe5 18.Ne4 b6 19.Qh6 Bd7 20.Ng5 Qh8 21.h5 Rae8 22.hxg6 hxg6
23.Qxg6+ Qg7 24.Qxg7+ Kxg7 25.Be4 Ne5 26.b3 Ng4 27.Kg2 Nf6 28.Rh1 Nxe4 29.Nxe4 Bc6
30.Rh4 Rf5 31.f3 Rh8 32.Rbh1 Rxh4 33.Rxh4 Ba8 34.Kf2 Bc6 35.Rg4+ Kf8 36.Nd6 Rf6
37.Ne4 Rh6 38.Rh4 Rg6 39.Rh8+ Rg8 40.Rxg8+ Kxg8 41.g4 Kf7 42.Kg3 e5 43.Nd6+ Kf6
44.Nc8 e4 45.Kf4 d3 46.exd3 exd3 47.g5+ Ke6 48.Ke3 d2 49.Kxd2 Bxf3 50.Nxa7 Bb7
51.Nb5 Ke5 52.Ke3 Be4 53.Nc3 Bc2 54.Na4 Bb1 55.Kd2  1-0

[Event "EU-chT (Men)"]
[Site "Pula"]
[Date "1997.??.??"]
[Round "7"]
[White "Grabarczyk, Miroslaw"]
[Black "Agnos, Demetrios"]
[Result "1-0"]
[WhiteElo "2480"]
[BlackElo "2495"]

1.d4 Nf6 2.c4 g6 3.Nf3 Bg7 4.g3 O-O 5.Bg2 d6 6.Nc3 Nc6 7.O-O a6 8.d5 Na5
9.Nd2 c5 10.Qc2 Rb8 11.b3 b5 12.Rb1 Bd7 13.Bb2 e5 14.a3 Qc7 15.Rfc1 Bh6 16.e3 Bf5
17.Nce4 Nxe4 18.Bxe4 Bxe4 19.Nxe4 f5 20.Nd2 Rfc8 21.cxb5 axb5 22.a4 Qd7 23.axb5 Rxb5
24.Bc3 Rcb8 25.Qa2 Qd8 26.Qa4 e4 27.b4 cxb4 28.Rxb4 Rxb4 29.Bxb4 Nb7 30.Qa7 Rc8
31.Rc6 Nc5 32.Bxc5 dxc5 33.Qxc5 Ra8 34.d6 Bf8 35.Qd5+ Kh8 36.Rc7 Qg5  1-0

[Event "EU-chT (Women)"]
[Site "Pula"]
[Date "1997.??.??"]
[Round "9"]
[White "Flear, Christine"]
[Black "Djeno, Mara"]
[Result "1-0"]
[WhiteElo "2250"]
[BlackElo "2190"]

1.d4 Nf6 2.Nf3 g6 3.c4 Bg7 4.g3 O-O 5.Bg2 d6 6.O-O c6 7.Nc3 Nbd7 8.e4 e5
9.h3 exd4 10.Nxd4 Qb6 11.Nde2 Ne8 12.Rb1 Ne5 13.Be3 Qc7 14.b3 f5 15.f4 Nf7
16.Qd2 Nf6 17.exf5 Bxf5 18.Rbd1 Rfe8 19.g4 Ne4 20.Qc1 Nxc3 21.Nxc3 Bc2 22.Qxc2 Rxe3
23.Ne4 Re8 24.f5 Qb6 25.c5 Qb4 26.fxg6 hxg6 27.Nf6+ Bxf6 28.Qxg6+ Bg7 29.Qxf7+ Kh8
30.Qh5+ Kg8 31.cxd6 Re2 32.Qf7+ Kh7 33.d7 Rd8 34.Rf5 Rxg2+ 35.Kxg2 Qe4+ 36.Kg3 Qe3+
37.Kh4  1-0

[Event "EU-chT (Men)"]
[Site "Pula"]
[Date "1997.??.??"]
[Round "9"]
[White "Sturua, Zurab"]
[Black "Nijboer, Friso"]
[Result "1/2-1/2"]
[WhiteElo "2560"]
[BlackElo "2555"]

1.d4 Nf6 2.Nf3 g6 3.c4 Bg7 4.g3 O-O 5.Bg2 d6 6.O-O Nc6 7.Nc3 Rb8 8.h3 a6
9.Be3 b5 10.Nd2 Bb7 11.cxb5 axb5 12.d5 Ne5 13.f4 Ned7 14.a3 e6 15.dxe6 fxe6
16.Nf3 Qe7 17.Ba7 Ra8 18.Bf2 Ne4 19.Nxb5 Nxf2 20.Rxf2 Nc5 21.e3 Rab8 22.Nfd4 Ne4
23.Rc2 c5 24.Ne2 Nxg3 25.Qxd6 Nxe2+ 26.Rxe2 Qxd6 27.Nxd6 Ba6 28.Rc2 Rb3 29.Re1 Bxb2
30.Rb1 Rfb8 31.Nb7 Bxb7 32.Rcxb2 Bd5 33.Rxb3 Rxb3 34.Rxb3 Bxb3 35.Kf2 Kf7
36.Ke2 e5 37.fxe5 Ke6 38.Kd3 Kxe5 39.Kc3 Ba4 40.Kc4 Kd6 41.Be4 g5 42.Bxh7 Bd7
43.Kd3 Bxh3 44.a4 Bd7 45.a5 Bb5+ 46.Ke4 Be2 47.Bg6 Kc6 48.Kf5 g4 49.Kf4 Kb5
50.e4 Kxa5 51.e5 Kb5 52.Bf5 Kb6 53.Be6 c4  1/2-1/2

[Event "WchT U26"]
[Site "Roque Saenz Pena"]
[Date "1997.??.??"]
[Round "1"]
[White "Scarella, Enrique"]
[Black "Miguel, Fernando"]
[Result "1-0"]
[WhiteElo "2380"]
[BlackElo "2330"]

1.d4 Nf6 2.Nf3 g6 3.c4 Bg7 4.g3 O-O 5.Bg2 d6 6.O-O c6 7.Nc3 Nbd7 8.e4 e5
9.Qc2 exd4 10.Nxd4 Re8 11.Rd1 Qb6 12.h3 Nxe4 13.Na4 Qa5 14.Bxe4 Bxd4 15.Rxd4 Qe1+
16.Kg2 c5 17.Bh6 Qxa1 18.Rxd6 Ne5 19.Nc3 Nxc4 20.Nd5 Bxh3+ 21.Kxh3 Rxe4 22.Qxe4 Qf1+
23.Kh4 Qxf2 24.Nf6+ Kh8 25.Qxc4 Qh2+ 26.Kg4 Qxh6 27.Qxf7  1-0

[Event "WchT U26"]
[Site "Roque Saenz Pena"]
[Date "1997.??.??"]
[Round "6"]
[White "Fraschini, Mariano"]
[Black "Prates, Fabiano"]
[Result "1/2-1/2"]
[WhiteElo "2345"]
[BlackElo "2235"]

1.Nf3 Nf6 2.g3 g6 3.Bg2 Bg7 4.d4 O-O 5.c4 d6 6.Nc3 c6 7.e4 Nbd7 8.O-O e5
9.h3 Qa5 10.Re1 Qb4 11.Bf1 exd4 12.Nxd4 Ne5 13.Nc2 Qb6 14.Rb1 Be6 15.Ne3 Rad8
16.Kg2 d5 17.cxd5 cxd5 18.Ncxd5 Nxd5 19.Nxd5 Qa5 20.Bd2 Qxa2 21.Nc3 Qb3 22.Qxb3 Bxb3
23.Be3 a6 24.Re2 Rfe8 25.Bg5 Rd7 26.f3 h6 27.Bf4 g5 28.Bxe5 Bxe5 29.Nd5 Kg7
30.Re3 Bxd5 31.exd5 Ree7 32.Rd3 Bd6 33.Rc1 Rc7 34.Rdc3 Be5 35.Rxc7 Rxc7 36.Rxc7 Bxc7
37.Bc4 Kf6 38.Kf2 Bd6 39.g4 Ke5 40.Ke3 Bc5+ 41.Kd3 f6 42.Ba2 Kf4 43.Ke2 b5
44.Bb1 Ke5 45.Be4 Kd4 46.Kd2 Kc4 47.Kc2 Bd6 48.Bf5 a5 49.Bd3+ Kb4 50.Bf5 a4
51.Bd7 Ka5 52.Be8 b4 53.Bd7 Bc5 54.Be8 Bf8 55.Bd7 Be7 56.Be8 Bc5 57.Bd7 a3
58.bxa3 bxa3 59.Kb3 Kb6 60.Bf5 Bd6 61.Bb1  1/2-1/2

[Event "WchT U26"]
[Site "Roque Saenz Pena"]
[Date "1997.??.??"]
[Round "6"]
[White "Valerga, Diego"]
[Black "Guid, Matej"]
[Result "1-0"]
[WhiteElo "2480"]
[BlackElo "2150"]

1.d4 Nf6 2.Nf3 g6 3.c4 Bg7 4.g3 O-O 5.Bg2 d6 6.O-O Nc6 7.d5 Na5 8.Qa4 c5
9.Bd2 b6 10.Bc3 e5 11.dxe6 fxe6 12.Bxa5 bxa5 13.Nc3 Bd7 14.Qc2 Qc7 15.Rad1 Rab8
16.Ng5 Rb4 17.Bh3 Re8 18.Nb5 Bxb5 19.cxb5 Qd7 20.a3 Rxb5 21.Nxe6 Qc6 22.Nd4 Qb6
23.Qc4+ d5 24.Qxb5 cxd4 25.Qxb6 axb6 26.Rd2 Ne4 27.Rc2 Nc5 28.b4 axb4 29.axb4 d3
30.exd3 Nxd3 31.Rc6 Bd4 32.Rd1 Bxf2+ 33.Kg2 Nxb4 34.Rc8 Rxc8 35.Bxc8 Bc5
36.Be6+ Kg7 37.Bxd5 Nxd5 38.Rxd5 Kf6 39.Kf3 Ke6 40.Ke4 Bg1 41.Rd1 Bc5 42.Ra1 h5
43.Ra8 Bd6 44.Re8+ Kf7 45.Rh8 Ke6 46.Rg8 Kf7 47.Rc8 Bc5 48.Ke5 Kg7 49.Rc7+ Kh6
50.Kf6 Bg1 51.Rc8 Kh7 52.h3 Bf2 53.g4 hxg4 54.hxg4 Bd4+ 55.Kf7 Kh6 56.Rc6 Kg5
57.Rxg6+ Kf4 58.Rg8 b5 59.g5 b4 60.g6 Ke4 61.Rb8  1-0

[Event "Salsomaggiore op"]
[Site "Salsomaggiore"]
[Date "1997.??.??"]
[Round "3"]
[White "Komljenovic, Davor"]
[Black "Jurkovic, Ante"]
[Result "1-0"]
[WhiteElo "2460"]
[BlackElo "2320"]

1.d4 Nf6 2.Nf3 g6 3.c4 Bg7 4.g3 O-O 5.Bg2 d6 6.O-O c6 7.Nc3 Qa5 8.e4 e5 9.Re1 Bg4
10.d5 cxd5 11.cxd5 Nbd7 12.Be3 Rfc8 13.Qb1 Qd8 14.Nd2 Nb6 15.Bf1 Bd7 16.f3 h5
17.a4 a5 18.Qa2 Be8 19.Rec1 Kh7 20.Qa3 Bh6 21.Bxh6 Kxh6 22.Nb5 Bxb5 23.Bxb5 Kg7
24.b4 axb4 25.Qxb4 Rxc1+ 26.Rxc1 Rc8 27.Rxc8 Nxc8 28.Bf1 Qc7 29.Nc4 Nd7 30.a5 Nc5
31.Qb5 Kf8 32.h4 Ke7 33.Bh3 Na7 34.Qb6 Qxb6 35.Nxb6 Nb5 36.Kf2 Kd8 37.Ke3 Na3
38.Bf1 Kc7 39.Nc4 Nxc4+ 40.Bxc4 Nd7 41.Bb5 Nf6 42.Bc4 Nd7 43.Bb5 Nf6 44.Be2 Nd7
45.g4 Nf6 46.g5 Ne8 47.f4 Kd7 48.fxe5 dxe5 49.Kd3 f6 50.gxf6 Nxf6 51.Kc4 Ke7
52.Kc5 g5 53.hxg5 h4 54.d6+ Ke6 55.g6 h3 56.g7 Kf7 57.d7  1-0

[Event "Salsomaggiore op"]
[Site "Salsomaggiore"]
[Date "1997.??.??"]
[Round "6"]
[White "Caposciutti, Maurizio"]
[Black "Nurkic, Sahbaz"]
[Result "0-1"]
[WhiteElo "2300"]
[BlackElo "2395"]

1.Nf3 g6 2.c4 Bg7 3.d4 Nf6 4.g3 O-O 5.Bg2 d6 6.b3 Nc6 7.Bb2 e5 8.dxe5 Nd7
9.O-O Ndxe5 10.Nc3 Nxf3+ 11.exf3 Re8 12.f4 Nd4 13.h3 c6 14.Kh2 Bf5 15.Qd2 h5
16.Rfe1 Qa5 17.Rad1 Rad8 18.Rxe8+ Rxe8 19.Re1 Rxe1 20.Qxe1 Ne6 21.Qd2 Qb4
22.Qc1 Bd4 23.Qd2 a5 24.Bf3 Bg7 25.Bd1 Nd4 26.a3 Qxb3 27.Nd5 Nf3+ 28.Bxf3 cxd5  0-1

[Event "Schwaebisch Gmuend op"]
[Site "Schwaebisch Gmuend"]
[Date "1997.??.??"]
[Round "4"]
[White "Dewenter, Ulf"]
[Black "Tuncer, Ufuk"]
[Result "1/2-1/2"]
[WhiteElo "2290"]
[BlackElo "2095"]

1.d4 Nf6 2.c4 g6 3.g3 Bg7 4.Bg2 O-O 5.Nf3 d6 6.O-O a6 7.Nc3 Nc6 8.d5 Na5
9.Qd3 c5 10.Re1 Rb8 11.Rb1 b5 12.b3 bxc4 13.bxc4 Rb4 14.Nd2 Nd7 15.f4 Rxb1
16.Ncxb1 Nb6 17.Nc3 e6 18.dxe6  1/2-1/2